| 000 | 00948 a2200205 4500 | ||
|---|---|---|---|
| 003 | Nust | ||
| 005 | 20221020091750.0 | ||
| 010 | _a 77074378 | ||
| 020 | _a0395255856 | ||
| 040 | _cNust | ||
| 082 | 0 | 0 | _a620.0042,GAJ |
| 100 | 1 |
_aGajda, W. J. _9100909 |
|
| 245 | 1 | 0 |
_aEngineering, modeling and computation / _cWalter J. Gajda, Jr., William E. Biles. |
| 260 |
_aBoston : _bHoughton Mifflin, _cc1978. |
||
| 300 |
_axvii, 426 p. : _bill. ; _c24 cm. |
||
| 505 | _aEngineering (Page-1), Modeling and Engineering Problems (Page-46), An Introduction to Fortran (Page-78), Measurements, Dimensions and Units (Page-141), Optimization and Engineering Models (Page-167), Additional Topics in Fortran (Page-198), Deterministic Models (Page-243), Probabilistic Models (Page-299), Economic Models in Engineering (Page-340), Systems and Feedback (Page-372). | ||
| 650 | 0 | _aEngineering mathematics. | |
| 700 | 1 |
_aBiles, William E., _9100910 |
|
| 942 |
_2ddc _cBK |
||
| 999 |
_c182364 _d182364 |
||